009000000a22002650004500003000900000008004100009020001500050040002800065043001200093092002100105099002000126100002200146245007000168260003400238300002100272500007500293500006600368651003100434902000600465905001500471905001500486942001200501999001900513952010200532EG-GiCUC090108s2006 ru 000 0 eng d a5949810724 aEG-GiCUCbengcEG-GiCUC ae-ru---04a947.45bK451221 a04a947.45 K4511 aKhakim , Raphael.10aRussia and Tatarstan at a crossroads of history/cRaphael Khakim. aKazan:bKhakimov R.S. ,c2006 a192 p. ;c20 cm. aAt ahead of title:Institute of history,Academy of science of Tatarstan aCover title:Russian and Tatarstan at a crossroads of history. 0aTatarstan(Russia)xHistory a1 aEmaneRev. aRadwaeCat 2ddccBK c113071d113071 2ddc70aCUCLbcl410d2024-02-11o947.45 K451 K.Bp01000113001141000r2024-06-23 00:00:00tC.1yBK